[Event "Junior Online 4NCL Division 4"]
[Site "online"]
[Date "2020.05.14"]
[Round "5.33"]
[White "Cooney, Thomas"]
[Black "Jia, Ethan"]
[Result "1-0"]
[WhiteElo "1457"]
[BlackElo "1315"]
[PlyCount "65"]
[EventDate "2020.05.14"]
[WhiteTeam "St Benildus 2"]
[BlackTeam "Cheshire8Y"]

1. e4 e5 2. Nf3 Nc6 3. Bc4 Bc5 4. c3 Bb6 5. d4 exd4 6. cxd4 d6 7. Nc3 Nf6 8.
Bg5 h6 9. Bh4 g5 10. Bg3 Bg4 11. Bb5 Qe7 12. O-O O-O-O 13. Bxc6 bxc6 14. a4 a5
15. Qd3 Kb7 16. Rfb1 c5 17. d5 Bd7 18. Nd2 h5 19. h3 Ne8 20. Nc4 f6 21. Nxb6
cxb6 22. Nb5 Bxb5 23. Qxb5 Rc8 24. Rc1 Qh7 25. b4 axb4 26. a5 Qc7 27. Ra4 Qd8
28. Rca1 Ra8 29. Qc6+ Kb8 30. axb6 Rxa4 31. Rxa4 Nc7 32. bxc7+ Qxc7 33. Ra8#
1-0

[Event "Junior Online 4NCL Division 4"]
[Site "online"]
[Date "2020.05.14"]
[Round "5.34"]
[White "Idan, Tani"]
[Black "Gubala, Max"]
[Result "0-1"]
[WhiteElo "1285"]
[BlackElo "700"]
[PlyCount "30"]
[EventDate "2020.05.14"]
[WhiteTeam "Cheshire8Y"]
[BlackTeam "St Benildus 2"]

1. e4 e5 2. Nf3 Nc6 3. Bc4 Nf6 4. Ng5 d5 5. exd5 Nxd5 6. Nxf7 Kxf7 7. Qf3+ Qf6
8. Bxd5+ Ke8 9. Bxc6+ Qxc6 10. Qh5+ Kd8 11. Qxe5 Bd6 12. Qxg7 Re8+ 13. Kf1 Qxc2
14. g3 Bh3+ 15. Kg1 Re1# 0-1

[Event "Junior Online 4NCL Division 4"]
[Site "online"]
[Date "2020.05.14"]
[Round "5.35"]
[White "Surapaneni, Rohit"]
[Black "Brady, Fearghal"]
[Result "0-1"]
[WhiteElo "1465"]
[BlackElo "1450"]
[PlyCount "68"]
[EventDate "2020.05.14"]
[WhiteTeam "Cheshire8Y"]
[BlackTeam "St Benildus 2"]

1. d4 Nf6 2. c4 g6 3. Nc3 Bg7 4. Bf4 O-O 5. Nf3 d6 6. h3 Nbd7 7. e3 b6 8. Bd3
Bb7 9. e4 Re8 10. O-O e5 11. dxe5 Nxe5 12. Bxe5 dxe5 13. Bc2 Qe7 14. Re1 Rad8
15. Qe2 c6 16. b3 Nh5 17. Rad1 Nf4 18. Qe3 Bh6 19. Kh2 Kg7 20. Rf1 Nxg2 21. Qe2
Nf4 22. Qe1 Rxd1 23. Qxd1 Rd8 24. Qe1 Nd3 25. Qe2 Nf4 26. Qe1 Qc5 27. Na4 Qe7
28. Qa1 f6 29. Rd1 Bc8 30. Rxd8 Qxd8 31. h4 Ne6 32. Nc3 Nd4 33. Nxd4 Qxd4 34.
Nd1 Qxa1 0-1

[Event "Junior Online 4NCL Division 4"]
[Site "online"]
[Date "2020.05.14"]
[Round "5.36"]
[White "Lievens, Karel"]
[Black "Sajid, Aryan"]
[Result "1-0"]
[WhiteElo "1416"]
[BlackElo "1405"]
[PlyCount "89"]
[EventDate "2020.05.14"]
[WhiteTeam "St Benildus 2"]
[BlackTeam "Cheshire8Y"]

1. e4 e5 2. Nf3 Nc6 3. Nc3 Nf6 4. d4 exd4 5. Nxd4 d6 6. Bb5 Bd7 7. Bxc6 Bxc6 8.
Qd3 g6 9. Bd2 Bg7 10. O-O-O O-O 11. f3 Qe7 12. g4 a5 13. h4 a4 14. h5 a3 15. b3
d5 16. hxg6 fxg6 17. Nxc6 bxc6 18. Bh6 Rfd8 19. Bxg7 Qxg7 20. e5 Ne8 21. f4
Rab8 22. Na4 Qf7 23. f5 Ng7 24. Qh3 Ne8 25. Rh2 Rbc8 26. Rdh1 d4 27. Qxh7+ Qxh7
28. Rxh7 Ng7 29. e6 Kf8 30. Rh8+ Ke7 31. Rxd8 Rxd8 32. Rh7 Kf6 33. e7 Re8 34.
g5+ Kf7 35. f6 Kg8 36. Rxg7+ Kh8 37. Rxg6 Kh7 38. Rg7+ Kh8 39. Nc5 d3 40. cxd3
Rxe7 41. fxe7 Kxg7 42. e8=Q Kh7 43. Qf7+ Kh8 44. Ne6 c5 45. Qg7# 1-0

[Event "Junior Online 4NCL Division 4"]
[Site "online"]
[Date "2020.05.14"]
[Round "5.37"]
[White "Jia, Ethan"]
[Black "Cooney, Thomas"]
[Result "0-1"]
[WhiteElo "1315"]
[BlackElo "1457"]
[PlyCount "66"]
[EventDate "2020.05.14"]
[WhiteTeam "Cheshire8Y"]
[BlackTeam "St Benildus 2"]

1. d4 e6 2. c4 f5 3. Nc3 Nf6 4. Nf3 Be7 5. Bf4 O-O 6. e3 d6 7. Be2 Nc6 8. O-O
Kh8 9. Qd2 Qe8 10. Bd3 Bd8 11. e4 e5 12. d5 fxe4 13. dxc6 exf3 14. gxf3 exf4
15. Qxf4 Qxc6 16. Qg3 Nh5 17. Qg2 Nf4 18. Qg3 Nxd3 19. b3 Rxf3 20. Qg2 Nf4 21.
Qh1 Bh3 22. Rfe1 Bg2 23. Qxg2 Nxg2 24. Kxg2 Rxc3+ 25. Kg1 Bh4 26. Rab1 Qf3 27.
Rb2 Rf8 28. Rf1 Qg4+ 29. Kh1 Rh3 30. Re2 Qxe2 31. Rg1 Rxf2 32. Rb1 Rhxh2+ 33.
Kg1 Rfg2# 0-1

[Event "Junior Online 4NCL Division 4"]
[Site "online"]
[Date "2020.05.14"]
[Round "5.38"]
[White "Gubala, Max"]
[Black "Idan, Tani"]
[Result "0-1"]
[WhiteElo "700"]
[BlackElo "1285"]
[PlyCount "44"]
[EventDate "2020.05.14"]
[WhiteTeam "St Benildus 2"]
[BlackTeam "Cheshire8Y"]

1. d4 e5 2. dxe5 Nc6 3. Nf3 Qe7 4. Bf4 Qb4+ 5. Bd2 Qxb2 6. Bc3 Bb4 7. Qd2 Bxc3
8. Nxc3 Qxa1+ 9. Qd1 Qxc3+ 10. Qd2 Qa1+ 11. Qd1 Qxd1+ 12. Kxd1 d5 13. e3 Bg4
14. Bb5 Bxf3+ 15. gxf3 a6 16. Ba4 b5 17. Bb3 Nge7 18. Ke2 Nxe5 19. f4 N5c6 20.
Rd1 Rd8 21. e4 dxe4 22. Rxd8+ Nxd8 0-1

[Event "Junior Online 4NCL Division 4"]
[Site "online"]
[Date "2020.05.14"]
[Round "5.41"]
[White "Alexander, Ryan"]
[Black "Masacorale, Jamie"]
[Result "1-0"]
[WhiteElo "1352"]
[BlackElo "1457"]
[PlyCount "149"]
[EventDate "2020.05.14"]
[WhiteTeam "Warwickshire Bears D"]
[BlackTeam "Ojays E"]

1. e4 c5 2. Nf3 Nc6 3. Bc4 e6 4. Nc3 g6 5. O-O Bg7 6. d3 Nge7 7. Be3 d6 8. Bb5
a6 9. Bxc6+ Nxc6 10. a3 Bd7 11. Rb1 O-O 12. b4 Bxc3 13. bxc5 dxc5 14. Bxc5 Re8
15. Rb3 Bg7 16. Qd2 b6 17. Bxb6 Qc8 18. Ng5 h6 19. Nf3 Rb8 20. c4 Nd4 21. Nxd4
Bxd4 22. c5 Bxc5 23. Qa5 Bxb6 24. Rxb6 Rxb6 25. Qxb6 Qc6 26. Qe3 Kg7 27. e5 Qd5
28. Rd1 Bc6 29. f3 Bb5 30. Kh1 Rd8 31. d4 Rc8 32. Qf4 Qb3 33. Re1 Qxa3 34. Qf6+
Kf8 35. Qh8+ Ke7 36. Qxc8 Qb4 37. Qc5+ Qxc5 38. dxc5 a5 39. Rc1 Kd7 40. Kg1 Kc6
41. Kf2 a4 42. Ke3 Kd5 43. f4 Bc6 44. g3 Bb5 45. h4 h5 46. Kf3 Bc6 47. Ke3 Bb5
48. Rc2 Bc6 49. Rc3 Bb5 50. Kd2 Bc6 51. Kc2 Ke4 52. Kb2 Kd4 53. Rc1 Ke3 54. Ka3
Kf3 55. Rc3+ Kg4 56. Kb4 Kf5 57. Ka5 Ke4 58. Kb6 Kd5 59. Rc1 Be8 60. c6 Bxc6
61. Rxc6 a3 62. Rc1 Ke4 63. Ra1 Kf3 64. Rxa3+ Kg4 65. Kc7 Kf5 66. Kd7 f6 67.
exf6 Kxf6 68. Rf3 Kf5 69. Ke7 Kg4 70. Ra3 Kf5 71. Ra5+ Kg4 72. Kxe6 Kxg3 73.
Kf6 Kxf4 74. Kxg6 Kg4 75. Rxh5 1-0

[Event "Junior Online 4NCL Division 4"]
[Site "online"]
[Date "2020.05.14"]
[Round "5.42"]
[White "Kroening, Alexander"]
[Black "Patel, Keatan"]
[Result "1-0"]
[WhiteElo "1435"]
[BlackElo "1367"]
[PlyCount "65"]
[EventDate "2020.05.14"]
[WhiteTeam "Ojays E"]
[BlackTeam "Warwickshire Bears D"]

1. e4 e5 2. Be2 Nc6 3. Nf3 Bc5 4. Nxe5 Bxf2+ 5. Kxf2 Nxe5 6. d4 Qf6+ 7. Kg1 Ng6
8. Nc3 c6 9. e5 Qf5 10. Bg4 Qe4 11. Nxe4 d5 12. Nd6+ Kf8 13. Bxc8 Rxc8 14. Nxc8
N6e7 15. c3 Nxc8 16. Qb3 Nge7 17. Qxb7 Kg8 18. Bg5 Kf8 19. Bxe7+ Nxe7 20. Qb8+
Nc8 21. Qxc8+ Ke7 22. Qxh8 Ke6 23. Qxg7 Ke7 24. Qxh7 Ke6 25. Qg8 Ke7 26. Qa8
Ke6 27. Qxa7 Kf5 28. Qxf7+ Ke4 29. Qc7 Kd3 30. Qxc6 Kc2 31. Qxd5 Kxb2 32. Kf2
Ka3 33. Qb3# 1-0

[Event "Junior Online 4NCL Division 4"]
[Site "online"]
[Date "2020.05.14"]
[Round "5.43"]
[White "Vaidyanathan, Adithya"]
[Black "Li, Evan"]
[Result "1/2-1/2"]
[WhiteElo "1315"]
[BlackElo "1435"]
[PlyCount "93"]
[EventDate "2020.05.14"]
[WhiteTeam "Warwickshire Bears D"]
[BlackTeam "Ojays E"]

1. c4 Nf6 2. b3 d5 3. e3 Bf5 4. Nc3 e6 5. Bb2 c6 6. Be2 Bd6 7. Nf3 O-O 8. d4
Nbd7 9. c5 Bc7 10. O-O Re8 11. Bd3 Bxd3 12. Qxd3 b6 13. b4 a5 14. a3 axb4 15.
axb4 bxc5 16. bxc5 Qb8 17. Qc2 Ng4 18. h3 Ngf6 19. Rxa8 Qxa8 20. Ra1 Qb8 21.
Qd2 Ne4 22. Nxe4 dxe4 23. Ne5 Nxe5 24. dxe5 Bxe5 25. Bxe5 Qxe5 26. Qd7 Rf8 27.
Ra6 Qxc5 28. Rxc6 Qd5 29. Qxd5 exd5 30. Rd6 f5 31. Rxd5 g6 32. Rd7 Rf7 33. Rd4
Rc7 34. Kh2 Rc2 35. Kg3 Kg7 36. f3 exf3 37. Kxf3 Rc5 38. e4 fxe4+ 39. Rxe4 Rf5+
40. Rf4 Rxf4+ 41. Kxf4 Kf6 42. g4 g5+ 43. Ke4 Ke6 44. Kd4 Kd6 45. Ke4 Ke6 46.
Kd4 Kd6 47. Ke4 1/2-1/2

[Event "Junior Online 4NCL Division 4"]
[Site "online"]
[Date "2020.05.14"]
[Round "5.44"]
[White "Zeng, Rosa"]
[Black "Sagyaman, Vassily M"]
[Result "1-0"]
[WhiteElo "1412"]
[BlackElo "1232"]
[PlyCount "97"]
[EventDate "2020.05.14"]
[WhiteTeam "Ojays E"]
[BlackTeam "Warwickshire Bears D"]

1. e4 e5 2. Nf3 Nc6 3. Nc3 Nf6 4. Bc4 Be7 5. O-O O-O 6. d3 d6 7. Bg5 Be6 8. Bb3
Qd7 9. Bxe6 fxe6 10. Qd2 d5 11. exd5 exd5 12. Rfe1 Qd6 13. Rad1 Nd4 14. Nxd4
exd4 15. Ne2 Ng4 16. Bf4 Qg6 17. h3 Nf6 18. Nxd4 Bc5 19. Ne6 Rfe8 20. Nxc5
Rxe1+ 21. Rxe1 b6 22. Nb3 Nh5 23. Bg3 Nxg3 24. fxg3 Qxg3 25. Nd4 Rf8 26. Rf1
Rxf1+ 27. Kxf1 Qh4 28. Nf3 Qf6 29. c3 g5 30. Kg1 h5 31. Nxg5 d4 32. Ne4 Qg6 33.
Qf4 dxc3 34. bxc3 b5 35. Qe5 Kh7 36. Nf6+ Kh6 37. Qf4+ Kg7 38. Ne4 Kh7 39.
Qxc7+ Kh6 40. Qf4+ Kh7 41. d4 Kg7 42. d5 Qb6+ 43. Kh2 h4 44. Qg4+ Kh7 45. Qg5
Qc7+ 46. Kh1 Qf7 47. Nf6+ Kh8 48. Qh6+ Qh7 49. Qxh7# 1-0

[Event "Junior Online 4NCL Division 4"]
[Site "online"]
[Date "2020.05.14"]
[Round "5.45"]
[White "Masacorale, Jamie"]
[Black "Alexander, Ryan"]
[Result "1-0"]
[WhiteElo "1457"]
[BlackElo "1352"]
[PlyCount "61"]
[EventDate "2020.05.14"]
[WhiteTeam "Ojays E"]
[BlackTeam "Warwickshire Bears D"]

1. d4 d5 2. Nf3 Nc6 3. Bf4 Bf5 4. a3 Nf6 5. e3 a6 6. c4 e6 7. Nc3 Bd6 8. Bg3
O-O 9. Bd3 Bxd3 10. Qxd3 Re8 11. Bh4 Be7 12. Bxf6 Bxf6 13. h4 e5 14. dxe5 Nxe5
15. Nxe5 Rxe5 16. cxd5 Bxh4 17. g3 Bf6 18. Qxh7+ Kf8 19. Qd3 g6 20. f4 Re8 21.
O-O-O Rc8 22. Qc4 Qe7 23. e4 c6 24. d6 Qd7 25. e5 Bg7 26. Ne4 Red8 27. Ng5 Ke8
28. Rh7 Bf8 29. Rxf7 Qg4 30. Rxf8+ Kd7 31. Qf7# 1-0

[Event "Junior Online 4NCL Division 4"]
[Site "online"]
[Date "2020.05.14"]
[Round "5.46"]
[White "Patel, Keatan"]
[Black "Kroening, Alexander"]
[Result "0-1"]
[WhiteElo "1367"]
[BlackElo "1435"]
[PlyCount "24"]
[EventDate "2020.05.14"]
[WhiteTeam "Warwickshire Bears D"]
[BlackTeam "Ojays E"]

1. e4 e5 2. Nf3 Nc6 3. Bc4 Nd4 4. Nxe5 Qg5 5. Ng4 d5 6. exd5 Bxg4 7. f3 Bxf3 8.
gxf3 Qg2 9. Rf1 O-O-O 10. c3 Re8+ 11. Be2 Rxe2+ 12. Qxe2 Qxe2# 0-1

[Event "Junior Online 4NCL Division 4"]
[Site "online"]
[Date "2020.05.14"]
[Round "5.47"]
[White "Li, Evan"]
[Black "Vaidyanathan, Adithya"]
[Result "1-0"]
[WhiteElo "1435"]
[BlackElo "1315"]
[PlyCount "131"]
[EventDate "2020.05.14"]
[WhiteTeam "Ojays E"]
[BlackTeam "Warwickshire Bears D"]

1. e4 c5 2. Nf3 b6 3. d4 cxd4 4. Nxd4 e5 5. Nf3 Nc6 6. Nc3 Bb7 7. Bb5 d6 8. O-O
Nf6 9. Bg5 Be7 10. Bxf6 Bxf6 11. Qd5 Qd7 12. Rad1 Be7 13. Nxe5 Qc7 14. Bxc6+
Bxc6 15. Qxc6+ Qxc6 16. Nxc6 Bf6 17. Rxd6 Bxc3 18. bxc3 O-O 19. Rfd1 Rfe8 20.
f3 h6 21. Kf2 Rac8 22. Nxa7 Rxc3 23. R6d2 Ra3 24. Nc6 Rxa2 25. Nb4 Rb2 26. Nd3
Rb5 27. c4 Rc5 28. Nb2 b5 29. cxb5 Rxb5 30. Nc4 Re6 31. Rd5 Rb4 32. Ne3 Rb2+
33. R5d2 Rb3 34. Rd8+ Kh7 35. R8d7 Kg6 36. R7d6 Rb2+ 37. Kg3 Rxd6 38. Rxd6+ Kh7
39. Rd7 Rb3 40. Nf5 Kg6 41. Rd6+ Kh7 42. Rd7 Kg6 43. Nh4+ Kf6 44. Kf4 g5+ 45.
Kg4 gxh4 46. Kxh4 Rb2 47. Kg3 h5 48. Rd6+ Ke7 49. Rd5 Rb6 50. Rxh5 Rg6+ 51. Kf2
f6 52. Rh7+ Ke6 53. f4 f5 54. exf5+ Kxf5 55. Kf3 Rf6 56. g4+ Kg6 57. Rh5 Rd6
58. g5 Rd3+ 59. Kg4 Rd4 60. Rh6+ Kg7 61. h4 Rd7 62. Rf6 Re7 63. h5 Kg8 64. h6
Rh7 65. Kh5 Kh8 66. Rf8# 1-0

[Event "Junior Online 4NCL Division 4"]
[Site "online"]
[Date "2020.05.14"]
[Round "5.48"]
[White "Sagyaman, Vassily M"]
[Black "Zeng, Rosa"]
[Result "0-1"]
[WhiteElo "1232"]
[BlackElo "1412"]
[PlyCount "98"]
[EventDate "2020.05.14"]
[WhiteTeam "Warwickshire Bears D"]
[BlackTeam "Ojays E"]

1. e4 e5 2. Nf3 Nc6 3. Bc4 h6 4. O-O Nf6 5. d3 d6 6. c3 Be7 7. Nbd2 O-O 8. Re1
Bg4 9. h3 Bh5 10. Nf1 Qd7 11. Ng3 Bxf3 12. Qxf3 Nh7 13. Nf5 Bg5 14. Bxg5 Nxg5
15. Qg3 Ne7 16. h4 Nxf5 17. exf5 Qxf5 18. hxg5 hxg5 19. Kh2 Qh7+ 20. Kg1 Qg6
21. f3 Rfd8 22. Kf2 Kf8 23. Rh1 Ke7 24. Rae1 Rh8 25. d4 Rxh1 26. Rxh1 Kd7 27.
dxe5 Re8 28. exd6 cxd6 29. Rd1 Qc2+ 30. Be2 Rxe2+ 31. Kg1 Qxd1+ 32. Kh2 Kc7 33.
Qxg5 Re6 34. Qa5+ Kd7 35. Qb5+ Ke7 36. Qxb7+ Kf6 37. Qb4 Qd5 38. Qf4+ Ke7 39.
Qh4+ Rf6 40. f4 Kd7 41. Qg4+ Kc6 42. Qc8+ Kb6 43. Qd8+ Kc5 44. Qc7+ Qc6 45.
Qa5+ Kc4 46. b3+ Kd3 47. Qg5 Rh6+ 48. Kg1 Qb6+ 49. Kf1 Rh1# 0-1

[Event "Junior Online 4NCL Division 4"]
[Site "online"]
[Date "2020.05.14"]
[Round "5.51"]
[White "Guha, Anuraag"]
[Black "Miller, Kai"]
[Result "1/2-1/2"]
[WhiteElo "1277"]
[BlackElo "1390"]
[PlyCount "45"]
[EventDate "2020.05.14"]
[WhiteTeam "Warwickshire Bears E"]
[BlackTeam "Hallfield School B"]

1. e4 e5 2. Nf3 Nc6 3. Nc3 Nf6 4. d3 h6 5. Be2 Bc5 6. O-O d6 7. Bd2 Be6 8. Qc1
Ne7 9. Be3 Bb6 10. Bxb6 axb6 11. d4 exd4 12. Nxd4 c5 13. Nxe6 fxe6 14. Qe3 O-O
15. Bc4 d5 16. exd5 exd5 17. Qe6+ Kh8 18. Bd3 Qc7 19. h3 Rad8 20. Nb5 Qc6 21.
Qxc6 bxc6 22. Nc3 d4 23. Ne2 1/2-1/2

[Event "Junior Online 4NCL Division 4"]
[Site "online"]
[Date "2020.05.14"]
[Round "5.52"]
[White "Muthuvelu, Rithvik"]
[Black "Vaidyanathan, Sathya"]
[Result "1/2-1/2"]
[WhiteElo "1337"]
[BlackElo "1292"]
[PlyCount "139"]
[EventDate "2020.05.14"]
[WhiteTeam "Hallfield School B"]
[BlackTeam "Warwickshire Bears E"]

1. e4 e5 2. Nf3 Nc6 3. Bc4 Bc5 4. Nc3 Nf6 5. d3 h6 6. Be3 Bxe3 7. fxe3 d6 8. h3
a6 9. Qe2 b5 10. Bd5 Nxd5 11. exd5 Ne7 12. O-O-O Bb7 13. e4 b4 14. Na4 c6 15.
Qe3 c5 16. Rhf1 a5 17. Nh2 f6 18. Qg3 Rg8 19. Ng4 h5 20. Ne3 Ba6 21. Nf5 Bb5
22. Nxe7 Qxe7 23. Nb6 Rb8 24. Nc4 a4 25. Kb1 Bxc4 26. dxc4 g5 27. h4 g4 28. Rf5
Rh8 29. Rdf1 Rh6 30. Qe3 Qg7 31. R1f2 g3 32. R2f3 Rg6 33. Rxh5 b3 34. axb3 axb3
35. cxb3 Ke7 36. Qd3 Rh8 37. Rxh8 Qxh8 38. Rxg3 Rxg3 39. Qxg3 Qh5 40. Qg7+ Ke8
41. Qg8+ Ke7 42. Qe6+ Kf8 43. Qxf6+ Ke8 44. Qe6+ Kd8 45. Qxd6+ Ke8 46. Qxc5
Qxh4 47. d6 Qe1+ 48. Ka2 Qxe4 49. Qc7 Qa8+ 50. Kb1 Qe4+ 51. Ka1 Qa8+ 52. Kb1
Qe4+ 53. Kc1 Qa8 54. d7+ Ke7 55. Kc2 Qe4+ 56. Kc3 Qe3+ 57. Kb4 Qe1+ 58. Kc5
Qe3+ 59. Kb5 Qxb3+ 60. Kc6 Qxc4+ 61. Kb6 Qb4+ 62. Kc6 Qc4+ 63. Kb7 Qb4+ 64. Qb6
Qe4+ 65. Kc8 Qa8+ 66. Qb8 Qc6+ 67. Qc7 Qa8+ 68. Qb8 Qc6+ 69. Qc7 Qa8+ 70. Qb8
1/2-1/2

[Event "Junior Online 4NCL Division 4"]
[Site "online"]
[Date "2020.05.14"]
[Round "5.53"]
[White "Purushothaman, Amitesh"]
[Black "Kuang, Felix"]
[Result "1-0"]
[WhiteElo "1285"]
[BlackElo "1247"]
[PlyCount "47"]
[EventDate "2020.05.14"]
[WhiteTeam "Warwickshire Bears E"]
[BlackTeam "Hallfield School B"]

1. d4 Nf6 2. c4 c5 3. dxc5 Qa5+ 4. Nc3 Qxc5 5. h3 g6 6. Nf3 Nc6 7. Bf4 Bg7 8.
e3 h6 9. Bd3 O-O 10. O-O d5 11. cxd5 Nxd5 12. Nxd5 Qxd5 13. Qe2 e5 14. e4 Qe6
15. Be3 b6 16. Bc4 Qd6 17. Rad1 Qc7 18. Bd5 Bb7 19. Rc1 Rac8 20. Qd2 Rfd8 21.
Bxh6 Ne7 22. Rxc7 Rxc7 23. Bxf7+ Kxf7 24. Qxd8 1-0

[Event "Junior Online 4NCL Division 4"]
[Site "online"]
[Date "2020.05.14"]
[Round "5.54"]
[White "Sareen, Rohan"]
[Black "Gibara, Astrid"]
[Result "1-0"]
[WhiteElo "1187"]
[BlackElo "1187"]
[PlyCount "137"]
[EventDate "2020.05.14"]
[WhiteTeam "Hallfield School B"]
[BlackTeam "Warwickshire Bears E"]

1. e4 e5 2. Nf3 Nc6 3. Bc4 Nf6 4. Ng5 d5 5. exd5 Nxd5 6. Nxf7 Bc5 7. Nxd8 Rf8
8. Qh5+ g6 9. Qh4 Bxf2+ 10. Qxf2 Rxf2 11. Kxf2 Nb6 12. b3 Nxd8 13. Re1 Nc6 14.
Nc3 Bf5 15. Bd5 Nb4 16. Rxe5+ Kd7 17. Ba3 Nxc2 18. Bb2 Nxa1 19. Bxa1 Re8 20.
Rxe8 Kxe8 21. Bxb7 Ke7 22. Nd5+ Nxd5 23. Bxd5 Kd6 24. Bg8 h5 25. h3 Kc5 26. d4+
Kb4 27. g4 hxg4 28. hxg4 Bxg4 29. d5 Ka3 30. Be5 c5 31. dxc6 Kxa2 32. Bh7 Kxb3
33. Kg3 Bc8 34. Bxg6 a5 35. Kf2 a4 36. Ke2 a3 37. Kd2 Ka2 38. Kc1 Kb3 39. Kb1
a2+ 40. Ka1 Be6 41. c7 Ka3 42. Bf7 Bc8 43. Bd6+ Ka4 44. Bxa2 Kb5 45. Bd5 Kb6
46. Bf7 Kc6 47. Bh2 Kd7 48. Ka2 Kc6 49. Ka3 Kb6 50. Ka4 Ka6 51. Kb4 Kb6 52. Kc4
Kc6 53. Kd4 Kd7 54. Kc5 Ke7 55. Bc4 Kd7 56. Kb6 Ke7 57. Ba6 Kd7 58. Ka7 Bxa6
59. Kxa6 Kc8 60. Ka7 Kd7 61. Kb7 Ke7 62. c8=Q Kf6 63. Qc5 Kf7 64. Qd6 Kg7 65.
Qe6 Kh8 66. Qe7 Kg8 67. Kc6 Kh8 68. Be5+ Kg8 69. Qg7# 1-0

[Event "Junior Online 4NCL Division 4"]
[Site "online"]
[Date "2020.05.14"]
[Round "5.55"]
[White "Miller, Kai"]
[Black "Guha, Anuraag"]
[Result "1-0"]
[WhiteElo "1390"]
[BlackElo "1277"]
[PlyCount "29"]
[EventDate "2020.05.14"]
[WhiteTeam "Hallfield School B"]
[BlackTeam "Warwickshire Bears E"]

1. e4 e5 2. Nf3 Nc6 3. Bc4 Nf6 4. Nc3 Bc5 5. d3 d6 6. Bg5 O-O 7. Nd5 Be6 8.
Nxf6+ gxf6 9. Bh6 Re8 10. Bb3 Nd4 11. Nxd4 exd4 12. Qf3 f5 13. Qg3+ Qg5 14.
Qxg5+ Kh8 15. Qg7# 1-0

[Event "Junior Online 4NCL Division 4"]
[Site "online"]
[Date "2020.05.14"]
[Round "5.56"]
[White "Vaidyanathan, Sathya"]
[Black "Muthuvelu, Rithvik"]
[Result "1-0"]
[WhiteElo "1292"]
[BlackElo "1337"]
[PlyCount "113"]
[EventDate "2020.05.14"]
[WhiteTeam "Warwickshire Bears E"]
[BlackTeam "Hallfield School B"]

1. e4 e5 2. Nf3 Nc6 3. Bc4 Bc5 4. Nc3 Nf6 5. d3 h6 6. a3 d6 7. h3 Be6 8. Bxe6
fxe6 9. Bd2 Nh5 10. Na4 Bd4 11. Nxd4 Nxd4 12. Qxh5+ Kd7 13. Bc3 Nxc2+ 14. Ke2
Nxa1 15. Rxa1 Qe8 16. Qxe8+ Raxe8 17. Kd2 Ref8 18. f3 g5 19. g4 h5 20. gxh5
Rxh5 21. d4 Rxf3 22. dxe5 dxe5 23. Bxe5 Rhxh3 24. Nc5+ Kc6 25. Nxe6 Rf2+ 26.
Ke1 Rg2 27. Kf1 Rc2 28. Nd4+ Kd7 29. Nxc2 Rf3+ 30. Ke2 g4 31. Rg1 Ke6 32. Rxg4
Rb3 33. Nd4+ Kxe5 34. Nxb3 Ke6 35. Rg7 Kf6 36. Rxc7 Ke6 37. Rxb7 Ke5 38. Nd4
Kxd4 39. e5 Kxe5 40. b4 Kd5 41. b5 Kc5 42. a4 Kd6 43. b6 axb6 44. Rxb6+ Kc7 45.
Rb3 Kc6 46. a5 Kc5 47. a6 Kc4 48. a7 Kxb3 49. a8=Q Kc3 50. Qe4 Kb3 51. Qd4 Kc2
52. Qe3 Kb2 53. Kd2 Kb1 54. Qc5 Kb2 55. Qb5+ Ka3 56. Kc3 Ka2 57. Qb2# 1-0

[Event "Junior Online 4NCL Division 4"]
[Site "online"]
[Date "2020.05.14"]
[Round "5.57"]
[White "Kuang, Felix"]
[Black "Purushothaman, Amitesh"]
[Result "0-1"]
[WhiteElo "1247"]
[BlackElo "1285"]
[PlyCount "52"]
[EventDate "2020.05.14"]
[WhiteTeam "Hallfield School B"]
[BlackTeam "Warwickshire Bears E"]

1. e4 c5 2. c3 e6 3. d4 cxd4 4. cxd4 d5 5. e5 Bb4+ 6. Bd2 Bxd2+ 7. Qxd2 Ne7 8.
Nc3 Nbc6 9. Nf3 h6 10. Be2 O-O 11. O-O a6 12. a4 Bd7 13. Rfe1 Nf5 14. Nd1 Qb6
15. Bd3 Nfxd4 16. Nxd4 Nxd4 17. Ne3 Nb3 18. a5 Qc7 19. Qc3 Qxc3 20. bxc3 Nxa1
21. Rxa1 Rfc8 22. c4 dxc4 23. Nxc4 Bb5 24. Rc1 Rc7 25. Nb6 Rxc1+ 26. Bf1 Rxf1#
0-1

[Event "Junior Online 4NCL Division 4"]
[Site "online"]
[Date "2020.05.14"]
[Round "5.58"]
[White "Gibara, Astrid"]
[Black "Sareen, Rohan"]
[Result "0-1"]
[WhiteElo "1187"]
[BlackElo "1187"]
[PlyCount "64"]
[EventDate "2020.05.14"]
[WhiteTeam "Warwickshire Bears E"]
[BlackTeam "Hallfield School B"]

1. e4 e5 2. Nf3 Nc6 3. Nc3 Nf6 4. d4 exd4 5. Nxd4 Nxd4 6. Qxd4 b6 7. e5 Qe7 8.
Be2 c5 9. exf6 Qxe2+ 10. Nxe2 cxd4 11. Nxd4 gxf6 12. O-O Bc5 13. Be3 O-O 14.
Nf5 Bxe3 15. fxe3 d5 16. Ne7+ Kg7 17. Nxd5 Bb7 18. Nxf6 Kh8 19. Rf5 h6 20. Rh5
Rfc8 21. c3 Rd8 22. Rf1 Rd2 23. Rxh6+ Kg7 24. Rh7+ Kg6 25. Ne4 Bxe4 26. Rhxf7
Rxg2+ 27. Kh1 Rg5+ 28. R7f3 Rf8 29. R1f2 Bxf3+ 30. Rg2 Rxg2 31. h3 Rh8 32. e4
Rxh3# 0-1

[Event "Junior Online 4NCL Division 4"]
[Site "online"]
[Date "2020.05.14"]
[Round "5.61"]
[White "Demjan, Denisz"]
[Black "Humphreys, Benjamin"]
[Result "1-0"]
[WhiteElo "1345"]
[BlackElo "1255"]
[PlyCount "103"]
[EventDate "2020.05.14"]
[WhiteTeam "Watford 2"]
[BlackTeam "Robin Hoods 3"]

1. Nf3 Nc6 2. Nc3 Nf6 3. e4 e5 4. d4 exd4 5. Nxd4 Nxd4 6. Qxd4 c6 7. Bg5 Be7 8.
Be2 O-O 9. e5 Nd5 10. Bxe7 Nxe7 11. O-O-O Nf5 12. Qf4 g6 13. Bh5 d5 14. Bg4 Be6
15. h3 d4 16. Ne2 c5 17. Kb1 Qa5 18. a3 Qd8 19. Ng3 Nxg3 20. Qxg3 Bxg4 21. Qxg4
f5 22. Qf4 Qe7 23. Rde1 g5 24. Qg3 f4 25. Qg4 Qg7 26. h4 gxh4 27. Qxg7+ Kxg7
28. Rxh4 f3 29. g3 Rad8 30. Rg4+ Kh8 31. e6 Rfe8 32. Rf4 d3 33. cxd3 Rxd3 34.
e7 Kg7 35. Kc2 Rd7 36. Rg4+ Kf7 37. Rf4+ Kg7 38. Rxf3 Rdxe7 39. Rxe7+ Rxe7 40.
Kc3 b6 41. Kc4 Rf7 42. Rxf7+ Kxf7 43. Kb5 Ke7 44. Ka6 Kd6 45. Kxa7 Kc6 46. f4
b5 47. Ka6 b4 48. axb4 cxb4 49. b3 Kd5 50. Kb5 Ke4 51. Kxb4 Kf3 52. f5 1-0

[Event "Junior Online 4NCL Division 4"]
[Site "online"]
[Date "2020.05.14"]
[Round "5.62"]
[White "Babu, Rohan"]
[Black "George, Seb"]
[Result "0-1"]
[WhiteElo "1255"]
[BlackElo "1285"]
[PlyCount "90"]
[EventDate "2020.05.14"]
[WhiteTeam "Robin Hoods 3"]
[BlackTeam "Watford 2"]

1. e4 e5 2. Nf3 Nf6 3. Nxe5 d6 4. Nf3 Nxe4 5. d3 Nf6 6. d4 Bf5 7. Nc3 Nc6 8.
Bb5 a6 9. Bxc6+ bxc6 10. Qe2+ Qe7 11. Qxe7+ Bxe7 12. O-O O-O-O 13. Re1 Rhe8 14.
d5 cxd5 15. Nd4 Bf8 16. Rxe8 Rxe8 17. Be3 Bg6 18. Nc6 Kb7 19. Na5+ Kc8 20. Bd4
Bxc2 21. Bxf6 gxf6 22. Nxd5 Re5 23. Nxf6 Rxa5 24. Nxh7 Bg7 25. Rc1 Rxa2 26. Re1
Rxb2 27. Re8+ Kd7 28. Re1 Bxh7 29. Rd1 Bd4 30. Rf1 Bd3 31. h4 Bxf1 32. Kxf1
Rxf2+ 33. Ke1 Rxg2 34. Kf1 Rh2 35. Ke1 Rxh4 36. Kd1 Rh2 37. Kc1 Bc3 38. Kd1 Rf2
39. Kc1 Rd2 40. Kb1 a5 41. Kc1 a4 42. Kb1 a3 43. Kc1 Bb4 44. Kb1 a2+ 45. Ka1
Bc3# 0-1

[Event "Junior Online 4NCL Division 4"]
[Site "online"]
[Date "2020.05.14"]
[Round "5.63"]
[White "Chadha, Ishaan"]
[Black "Krasnov, Maksim"]
[Result "1-0"]
[WhiteElo "1262"]
[BlackElo "1247"]
[PlyCount "79"]
[EventDate "2020.05.14"]
[WhiteTeam "Watford 2"]
[BlackTeam "Robin Hoods 3"]

1. e4 e5 2. Nf3 Nc6 3. Bc4 Bc5 4. Nc3 Nf6 5. h3 O-O 6. d3 d6 7. O-O Qe7 8. Bg5
Be6 9. Qd2 h6 10. Bh4 Bxc4 11. dxc4 Bb4 12. a3 Nxe4 13. Qe3 g5 14. Qxe4 gxh4
15. Nxh4 Bxc3 16. bxc3 Kh8 17. Rae1 Rg8 18. g3 Rad8 19. Qe3 Qe6 20. Nf5 Rg6 21.
g4 h5 22. Qf3 hxg4 23. hxg4 Rdg8 24. Qh3+ Rh6 25. Nxh6 Rg6 26. f3 f5 27. Nxf5+
Kg8 28. Rf2 Qxf5 29. Rg2 Qe6 30. Rh2 Qf6 31. Ree2 e4 32. Rxe4 Ne5 33. Rf2 Rg5
34. f4 Rxg4+ 35. Kf1 Rg6 36. fxe5 Qg7 37. exd6 cxd6 38. Re8+ Qf8 39. Rexf8+ Kg7
40. Qh8# 1-0